Welcome to the Holygrace Academy Library

Please use search bar below to get started

CHICKEN SOUP FOR THE CHRISTIAN SOUL (Record no. 31)

MARC details
000 -LEADER
fixed length control field 00393nam a22001337a 4500
020 ## - INTERNATIONAL STANDARD BOOK NUMBER
ISBN 978-81-87671-23-7
082 ## - DEWEY DECIMAL CLASSIFICATION NUMBER
Classification number 823
Item number CAN/C
100 ## - MAIN ENTRY--AUTHOR NAME
Personal name JACK CANFIELD, MARK VICTOR HANSEN, PATTY AUBERY, NANCY MITCHELL
245 ## - TITLE STATEMENT
Title CHICKEN SOUP FOR THE CHRISTIAN SOUL
260 ## - PUBLICATION, DISTRIBUTION, ETC. (IMPRINT)
Place of publication INDIA
Name of publisher WESTLAND LTD
Year of publication 2000
300 ## - PHYSICAL DESCRIPTION
Number of Pages 401
650 ## - SUBJECT ADDED ENTRY--TOPICAL TERM
Topical Term OPEN THE HEART AND REKINDLE THE SPIRIT
Geographic subdivision UNITED STATES
942 ## - ADDED ENTRY ELEMENTS (KOHA)
Koha item type Books
Holdings
Withdrawn status Lost status Collection code Home library Current library Shelving location Date acquired Full call number Accession Number Koha item type
    Fiction Main Library Main Library SHELF-12B-CHICKEN SOUP,ROALD DAH 24/07/2012 823 CAN/C 06087 Books